00455 2200181 4500001002100000005001500021035002000036008004100056245005800097100001900155250000600174260003400180300001100214084001400225082000800239650001400247990001200261INLIS00000000000023720240502023429 a0010-0424000213240502 0 ind 1 aReproduksi, Pernapasan Dan Kesehatan /cDenise Walker aWalker, Denise a1 aSolo :bTiga Serangkai,c2008 a48 hlm a500 DEN r a500 4aNon Fiksi a0732417